Blink-182 or Green Day? - Statistics

General Stats
  • This quiz has been taken 517 times
  • The average score is 10 of 15
Answer Stats
Question Answer % Correct
Well I guess this is growing up! Blink-182
89%
Place your hand in mine, I'll leave when I wanna Blink-182
85%
Hanging out behind the club on the weekends Blink-182
83%
I never conquered, rarely came Blink-182
81%
Give me a long kiss goodnight Green Day
78%
With a credit report for duty call Green Day
77%
You are the moonlight of my life Green Day
73%
And you sit around feeling sorry for yourself Green Day
69%
'Cause now it seems that I am out there on my own Green Day
64%
You're not so young, but you're still dumb Green Day
63%
We need guidance, we've been misled Blink-182
61%
When our song was slowly starting, your memory felt so real Blink-182
61%
The voices in my head are always screaming Blink-182
54%
I waste it, faked it, ate it, now I hate it Green Day
49%
I may be dumb, but I'm not stupid enough to stay with you Green Day
48%
No matching quizzes found
Score Distribution
Percent of People with Each Score
Percentile by Number Answered
Your Score History
You have not taken this quiz